000 00618nam a2200217Ia 4500
003 GCL
008 140319s9999 xx 000 0 ara d
020 _a2002508977
040 _aGCL /
_cGCL
082 0 4 _a810.9
_bم ف
100 1 _aمحمد مندور
245 1 0 _aفى الميزان الجديد /
_cمحمد مندور
260 _aالقاهرة :
_bدار نهضة مصر للطبع والنشر
300 _a238 ص ؛
_c22سم
490 _a
650 0 4 _aالادب العربى
650 0 4 _aالعصر الحديث
650 0 4 _aالشعر
650 0 4 _aتاريخ ونقد
942 _2ddc
_cBK
999 _c31237
_d31237